000 00291nam a2200109Ia 4500
008 220214s9999 xx 000 0 und d
245 0 _aCardamom Statistics
260 _bCardamom Board
_aCochin
500 _aEnding Volume & Year: , 1982
500 _aStarting Volume & Year: 1975
942 _cBJ
999 _c5980
_d5980